[Event "Mittelfranken-ch QT"]
[Site "Nuremberg"]
[Date "2016.03.25"]
[Round "6"]
[White "Dreiseitel, Ursula"]
[Black "Homfeldt, Claudia Laura"]
[Result "1/2-1/2"]
[WhiteElo "1487"]
[BlackElo "1549"]
[PlyCount "113"]
[EventDate "2016.03.23"]
[EventType "swiss"]
[EventRounds "7"]
[EventCountry "GER"]
[SourceTitle "EXT 2018"]
[Source "ChessBase"]
[SourceDate "2017.10.13"]
[SourceVersion "1"]
[SourceVersionDate "2017.10.13"]
[SourceQuality "1"]

1. Nf3 c5 2. g3 Nc6 3. Bg2 Nf6 4. c4 e6 5. Nc3 d6 6. 0-0 Be7 7. b3 a6 8. d4 d5 9. cxd5 exd5 10. dxc5 Bxc5 11. Bb2 Be6 12. e3 Qd7 13. Qc2 Bh3 14. Rfd1 Bxg2 15. Kxg2 0-0 16. Rd2 Nb4 17. Qd1 Rad8 18. a3 Nc6 19. b4 Ba7 20. Qb3 Qe6 21. Ng5 Qf5 22. Nf3 d4 23. exd4 Nxd4 24. Nxd4 Bxd4 25. Nd1 Bxb2 26. Qxb2 h6 27. Ne3 Qe4+ 28. Kg1 Rxd2 29. Qxd2 Qe5 30. Rd1 Ne4 31. Qc2 Nc3 32. Rd7 Nb5 33. Qc1 Qe4 34. Nd5 Re8 35. Ne3 Qe6 36. Rxb7 Rc8 37. Qb2 Re8 38. a4 Qc6 39. axb5 Qxb7 40. bxa6 Qxa6 41. Qd4 Qb7 42. Qg4 Qc6 43. h4 Qc1+ 44. Nf1 Re1 45. Qh3 Qc4 46. h5 Qxb4 47. Qc8+ Qf8 48. Qxf8+ Kxf8 49. Kg2 Re4 50. Ne3 Re5 51. g4 Ke7 52. Kg3 Ke6 53. Ng2 f5 54. Nf4+ Kf6 55. Ng6 Rb5 56. f4 Ra5 57. Kh3 1/2-1/2

[Event "Pyramiden Franken Cup"]
[Site "Fuerth"]
[Date "2015.09.06"]
[Round "7"]
[White "Walch, Roger"]
[Black "Dreiseitel, Ursula"]
[Result "0-1"]
[WhiteElo "1733"]
[BlackElo "1476"]
[PlyCount "92"]
[EventDate "2015.09.03"]
[EventType "swiss"]
[EventRounds "7"]
[EventCountry "GER"]
[SourceTitle "EXT 2016"]
[Source "ChessBase"]
[SourceDate "2015.10.08"]
[SourceVersion "1"]
[SourceVersionDate "2015.10.08"]
[SourceQuality "1"]

1. e4 c5 2. Nf3 Nc6 3. d4 cxd4 4. Nxd4 Nf6 5. Nc3 a6 6. Be3 g6 7. Qd2 Ng4 8. Nxc6 bxc6 9. Bc5 d6 10. Bc4 Ne5 11. Bxf7+ Nxf7 12. Be3 Bg7 13. 0-0 0-0 14. Rad1 Rb8 15. b3 Bb7 16. Ba7 Ra8 17. Be3 c5 18. Nd5 h6 19. f3 Kh7 20. Nf4 Qc8 21. c4 Ne5 22. h4 Bf6 23. h5 g5 24. Nd5 Rb8 25. Qe2 g4 26. f4 Nf7 27. f5 g3 28. Nxf6+ exf6 29. Bf4 Qc6 30. Rd5 Rfe8 31. Qg4 Rg8 32. Qh4 Ng5 33. Bxd6 Rbd8 34. Rfd1 Rge8 35. Qxg3 Rxe4 36. Rxc5 Qe8 37. Rc7+ Rd7 38. Qc3 Rxc7 39. Bxc7 Qe7 40. Bd8 Qe8 41. Bxf6 Re2 42. Rd2 Re1+ 43. Kh2 Ne4 44. Qf3 Qf7 45. Rd8 Nxf6 46. Qh3 Qc7+ 0-1

[Event "Mittelfranken Mitte-ch"]
[Site "Zirndorf"]
[Date "2015.01.03"]
[Round "3"]
[White "Babichev, Vyacheslav"]
[Black "Dreiseitel, Ursula"]
[Result "1-0"]
[WhiteElo "1699"]
[BlackElo "1356"]
[PlyCount "73"]
[EventDate "2015.01.02"]
[EventType "swiss"]
[EventRounds "7"]
[EventCountry "GE2"]
[SourceTitle "EXT 2018"]
[Source "ChessBase"]
[SourceDate "2017.10.13"]
[SourceVersion "1"]
[SourceVersionDate "2017.10.13"]
[SourceQuality "1"]

1. e4 e6 2. d4 d5 3. Nc3 Nf6 4. e5 Nfd7 5. Qg4 g6 6. Bg5 Be7 7. Bh6 a6 8. Bg7 h5 9. Qf3 Rh7 10. Bf6 Bxf6 11. exf6 Qxf6 12. Qe3 Qe7 13. f4 f5 14. Nf3 Nf6 15. h3 Nc6 16. 0-0-0 Bd7 17. Ne5 Nxe5 18. dxe5 Ne4 19. Nxe4 fxe4 20. h4 c5 21. c4 Bc6 22. Qb3 d4 23. Qb6 e3 24. Rh2 Qc7 25. Qxc5 Rd8 26. Rxd4 Rxd4 27. Qxd4 Rd7 28. Qxe3 Qa5 29. a3 Qa4 30. Bd3 Kf7 31. Rh1 Qa5 32. Qg3 Be4 33. Bxe4 Qd2+ 34. Kb1 Qe2 35. Qxg6+ Ke7 36. Qf6+ Ke8 37. Bg6+ 1-0

[Event "Mittelfranken Mitte-ch"]
[Site "Zirndorf"]
[Date "2015.01.03"]
[Round "2"]
[White "Dreiseitel, Ursula"]
[Black "Nuesslein, Christian"]
[Result "1/2-1/2"]
[WhiteElo "1356"]
[BlackElo "1661"]
[PlyCount "90"]
[EventDate "2015.01.02"]
[EventType "swiss"]
[EventRounds "7"]
[EventCountry "GE2"]
[SourceTitle "EXT 2018"]
[Source "ChessBase"]
[SourceDate "2017.10.13"]
[SourceVersion "1"]
[SourceVersionDate "2017.10.13"]
[SourceQuality "1"]

1. d4 e6 2. Nf3 d5 3. Bf4 Bd6 4. Bxd6 Qxd6 5. e3 Qb4+ 6. Nbd2 Qxb2 7. Nb3 Qc3+ 8. Nfd2 b6 9. Bd3 Ba6 10. Bxa6 Nxa6 11. a3 Nb8 12. 0-0 Nf6 13. Qb1 0-0 14. Rd1 Nbd7 15. Nf3 Ne4 16. Rd3 Qc6 17. a4 Qd6 18. a5 c5 19. dxc5 bxc5 20. c4 Rab8 21. Qd1 Ndf6 22. Rc1 Rfc8 23. cxd5 c4 24. Rd4 cxb3 25. Rxc8+ Rxc8 26. dxe6 Qxe6 27. Rd8+ Rxd8 28. Qxd8+ Qe8 29. Qd4 Qd7 30. Qb4 Qd1+ 31. Ne1 h6 32. f3 Nd2 33. Kf2 Qc1 34. Qb8+ Kh7 35. Qb5 Qb1 36. Nd3 Qf1+ 37. Kg3 g6 38. Qb7 Kg7 39. Ne5 Nfe4+ 40. fxe4 Nxe4+ 41. Qxe4 b2 42. Qd4 b1Q 43. Nd7+ Kg8 44. Nf6+ Kg7 45. Nd7+ Kg8 1/2-1/2

[Event "Nuremberg Zabo op 16th"]
[Site "Nuremberg"]
[Date "2014.09.20"]
[Round "2"]
[White "Dreiseitel, Ursula"]
[Black "Uhlendorff, Daniel"]
[Result "1/2-1/2"]
[WhiteElo "1358"]
[BlackElo "1602"]
[PlyCount "89"]
[EventDate "2014.09.19"]
[EventType "swiss"]
[EventRounds "5"]
[EventCountry "GER"]
[SourceTitle "EXT 2018"]
[Source "ChessBase"]
[SourceDate "2017.10.13"]
[SourceVersion "1"]
[SourceVersionDate "2017.10.13"]
[SourceQuality "1"]

1. d4 d5 2. Nf3 Nf6 3. Bf4 e6 4. e3 Nbd7 5. Nbd2 c5 6. c3 a6 7. Bd3 b5 8. Rc1 Bb7 9. 0-0 Ne4 10. Ne5 Nxe5 11. Bxe5 Bd6 12. Bxg7 Rg8 13. Bh6 Bxh2+ 14. Kh1 Qh4 15. Nf3 Nxf2+ 16. Rxf2 Qxf2 17. Rc2 Qg3 18. Nxh2 c4 19. Bf1 0-0-0 20. Bf4 Qg7 21. Rf2 f6 22. Nf3 Bc6 23. g3 Rde8 24. Bh3 Kb7 25. g4 e5 26. Bg3 Bd7 27. dxe5 fxe5 28. Kh2 Bc6 29. Nh4 d4 30. Nf5 Qg6 31. exd4 e4 32. Nd6+ Ka8 33. Nxe8 Bxe8 34. Be5 Bd7 35. Rf6 Qg5 36. Rxa6+ Kb7 37. Rf6 Bxg4 38. Qxg4 Qd2+ 39. Kh1 Rxg4 40. Rf7+ Ka6 41. Rf6+ Kb7 42. Bxg4 Qc1+ 43. Kg2 Qxb2+ 44. Rf2 Qxc3 45. Rf7+ 1/2-1/2

[Event "Pyramiden Franken Cup"]
[Site "Fuerth"]
[Date "2014.09.06"]
[Round "4"]
[White "Weissmann, Peter"]
[Black "Dreiseitel, Ursula"]
[Result "1-0"]
[WhiteElo "1797"]
[BlackElo "1492"]
[PlyCount "55"]
[EventDate "2014.09.04"]
[EventType "swiss"]
[EventRounds "7"]
[EventCountry "GER"]
[SourceTitle "CBM 162 Extra"]
[Source "ChessBase"]
[SourceDate "2014.10.17"]
[SourceVersion "1"]
[SourceVersionDate "2014.10.17"]
[SourceQuality "1"]

1. b4 Nf6 2. Bb2 e6 3. a3 Be7 4. c4 d6 5. g3 0-0 6. Bg2 Nbd7 7. Nf3 Rb8 8. d4 b6 9. 0-0 Bb7 10. Nbd2 c5 11. e3 d5 12. Qa4 a6 13. cxd5 b5 14. Qc2 Bxd5 15. dxc5 Qc7 16. Rfe1 Rfc8 17. e4 Bb7 18. Qb3 a5 19. Ng5 Nf8 20. f4 N6d7 21. Ngf3 axb4 22. axb4 Ra8 23. Nd4 Rxa1 24. Rxa1 Bxc5 25. bxc5 Qxc5 26. Rc1 Qb6 27. Rxc8 Bxc8 28. Qxb5 1-0

[Event "Mittelfranken-ch QT"]
[Site "Mittelfranken"]
[Date "2014.04.17"]
[Round "4.15"]
[White "Dreiseitel, Ursula"]
[Black "Forche, Peter"]
[Result "1-0"]
[WhiteElo "1503"]
[BlackElo "1358"]
[PlyCount "107"]
[EventDate "2014.04.16"]
[EventType "swiss"]
[EventRounds "7"]
[EventCountry "GER"]
[SourceTitle "EXT 2022"]
[Source "ChessBase"]
[SourceDate "2021.10.06"]
[SourceVersion "1"]
[SourceVersionDate "2021.10.06"]
[SourceQuality "1"]

1. d4 d5 2. Nf3 Nf6 3. Bf4 Bf5 4. Nbd2 e6 5. Nh4 Bg6 6. Nxg6 hxg6 7. Nf3 Bd6 8. Bxd6 Qxd6 9. e3 Nbd7 10. g3 Ne4 11. Bg2 Ndf6 12. Ne5 Nd7 13. Nxd7 Qxd7 14. Qe2 Qe7 15. 0-0-0 c6 16. f3 Nd6 17. h4 a5 18. e4 a4 19. exd5 cxd5 20. f4 Nc4 21. c3 b5 22. Rde1 Qd6 23. h5 gxh5 24. Rxh5 Kd7 25. Qg4 Rxh5 26. Qxh5 g6 27. Qg4 a3 28. b3 Nb2 29. Kd2 Rc8 30. Re5 Kc6 31. Bxd5+ Kb6 32. Bxe6 Rc6 33. Bxf7 Qc7 34. Bxg6 Rxc3 35. Re6+ Ka5 36. Re3 b4 37. Re5+ Kb6 38. Qe6+ Rc6 39. Qe8 Ka6 40. Qa8+ Kb6 41. Qa5+ Kb7 42. Qxc7+ Rxc7 43. Rb5+ Ka6 44. Rxb4 Ka5 45. Rb8 Rg7 46. f5 Rd7 47. Ke3 Nd1+ 48. Kd3 Nb2+ 49. Ke4 Re7+ 50. Kd5 Rd7+ 51. Kc6 Rxd4 52. Kc5 Nd3+ 53. Kxd4 Nb4 54. Rxb4 1-0

[Event "Mittelfranken-ch QT"]
[Site "Mittelfranken"]
[Date "2014.04.16"]
[Round "1.10"]
[White "Schanz, Karlheinz"]
[Black "Dreiseitel, Ursula"]
[Result "1-0"]
[WhiteElo "1914"]
[BlackElo "1503"]
[PlyCount "61"]
[EventDate "2014.04.16"]
[EventType "swiss"]
[EventRounds "7"]
[EventCountry "GER"]
[SourceTitle "EXT 2022"]
[Source "ChessBase"]
[SourceDate "2021.10.06"]
[SourceVersion "1"]
[SourceVersionDate "2021.10.06"]
[SourceQuality "1"]

1. e4 e6 2. f4 d5 3. Nc3 a6 4. g3 dxe4 5. Nxe4 Nf6 6. Nxf6+ Qxf6 7. Nf3 Nd7 8. Bg2 Rb8 9. d4 b5 10. Ne5 c5 11. c3 Nb6 12. 0-0 Nd5 13. Qe2 cxd4 14. Ng4 Qd8 15. cxd4 Be7 16. Ne5 Bb7 17. f5 exf5 18. Rxf5 0-0 19. Bd2 Bf6 20. Re1 Re8 21. Qf2 Ne7 22. Rxf6 gxf6 23. Qxf6 Rf8 24. Bh6 Qxd4+ 25. Re3 Qd1+ 26. Kf2 Qc2+ 27. Re2 Qc5+ 28. Ke1 Qb4+ 29. Rd2 Nf5 30. Qxf5 Bxg2 31. Qg5+ 1-0

[Event "Mittelfranken Mitte-ch 1213"]
[Site "Zirndorf"]
[Date "2013.01.04"]
[Round "2"]
[White "Dreiseitel, Ursula"]
[Black "Herlan, Klaus Juergen"]
[Result "0-1"]
[WhiteElo "1331"]
[BlackElo "1895"]
[PlyCount "102"]
[EventDate "2013.01.03"]
[EventType "swiss"]
[EventRounds "7"]
[EventCountry "GER"]
[SourceTitle "EXT 2015"]
[Source "ChessBase"]
[SourceDate "2014.11.20"]
[SourceVersion "1"]
[SourceVersionDate "2014.11.20"]
[SourceQuality "1"]

1. d4 Nf6 2. Nf3 c5 3. c3 cxd4 4. cxd4 g6 5. Bg5 Ne4 6. Bf4 Bg7 7. Nc3 Nxc3 8. bxc3 d6 9. e4 0-0 10. Qd2 Qa5 11. Be2 Bg4 12. 0-0 Bxf3 13. Bxf3 Nd7 14. Rfc1 Rac8 15. e5 dxe5 16. dxe5 Nxe5 17. Bxb7 Rcd8 18. Qc2 Nd3 19. Be3 Nxc1 20. Rxc1 Rd7 21. Bc6 Rc7 22. Qa4 Qxa4 23. Bxa4 Rxc3 24. Rxc3 Bxc3 25. Bc5 Rb8 26. Bb3 Rb7 27. Kf1 a5 28. Bc2 Bb4 29. Bd4 Rc7 30. Bb3 Rd7 31. Be3 Kg7 32. Ke2 e5 33. Kf1 f5 34. g3 h6 35. Ke2 Rd6 36. Bc2 Bc3 37. Bb3 g5 38. Bc2 Kf6 39. Bc1 Bd4 40. Bb3 Ra6 41. Bd2 a4 42. Bc4 Ra7 43. Be1 Rc7 44. Kd3 Rb7 45. f4 Rb2 46. fxg5+ hxg5 47. Bd2 Rb8 48. Be1 g4 49. Bd5 Rh8 50. Bc6 Rxh2 51. Bxa4 Rxa2 0-1

[Event "Nuremberg Zabo op 14th"]
[Site "Nuremberg"]
[Date "2012.09.16"]
[Round "5"]
[White "Grueninger, Tobias"]
[Black "Dreiseitel, Ursula"]
[Result "0-1"]
[WhiteElo "1250"]
[BlackElo "1331"]
[PlyCount "96"]
[EventDate "2012.09.14"]
[EventType "swiss"]
[EventRounds "5"]
[EventCountry "GER"]
[SourceTitle "EXT 2018"]
[Source "ChessBase"]
[SourceDate "2017.10.13"]
[SourceVersion "1"]
[SourceVersionDate "2017.10.13"]
[SourceQuality "1"]

1. e4 e6 2. Nc3 d5 3. d4 Nf6 4. Bg5 Be7 5. Bxf6 Bxf6 6. e5 Be7 7. Nf3 c5 8. Bb5+ Bd7 9. 0-0 cxd4 10. Nxd4 Bxb5 11. Ndxb5 Nc6 12. Re1 0-0 13. Nd4 Qc7 14. Nf3 Rfe8 15. a3 f6 16. exf6 Bxf6 17. Qd3 Rad8 18. b4 d4 19. Ne4 e5 20. Nfg5 h6 21. Qc4+ Kf8 22. Ne6+ Rxe6 23. Qxe6 Re8 24. Qd5 Rd8 25. Qc5+ Be7 26. Qc4 a6 27. Nc5 Bxc5 28. Qxc5+ Kf7 29. f4 Re8 30. Qd5+ Kf6 31. fxe5+ Rxe5 32. Qf3+ Rf5 33. Qe4 Re5 34. Rf1+ Ke6 35. Qg6+ Kd5 36. c4+ dxc3 37. Rad1+ Nd4 38. Qd3 Qc4 39. Qxc4+ Kxc4 40. Rf4 Rd5 41. Kf2 c2 42. Rc1 Kc3 43. Ke3 Nb3 44. Rcf1 c1Q+ 45. Rxc1+ Nxc1 46. g4 Rd7 47. Rf1 Nb3 48. Kf4 Rf7+ 0-1

[Event "Nuremberg Zabo op 14th"]
[Site "Nuremberg"]
[Date "2012.09.15"]
[Round "2.50"]
[White "Tong, Kevin"]
[Black "Dreiseitel, Ursula"]
[Result "1-0"]
[WhiteElo "1578"]
[BlackElo "1331"]
[PlyCount "47"]
[EventDate "2012.09.14"]
[EventType "swiss"]
[EventRounds "5"]
[EventCountry "GER"]
[SourceTitle "EXT 2022"]
[Source "ChessBase"]
[SourceDate "2021.10.06"]
[SourceVersion "1"]
[SourceVersionDate "2021.10.06"]
[SourceQuality "1"]

1. e4 e6 2. d4 d5 3. Nc3 c5 4. exd5 exd5 5. dxc5 Nf6 6. Bg5 d4 7. Bb5+ Nc6 8. Bxc6+ bxc6 9. Qe2+ Be6 10. Ne4 Be7 11. Nf3 Nxe4 12. Bxe7 Qxe7 13. Qxe4 Qxc5 14. Nxd4 Qd5 15. Qxd5 Bxd5 16. 0-0 0-0 17. Rfe1 Rfe8 18. b3 Rac8 19. Rxe8+ Rxe8 20. c4 Re4 21. cxd5 Rxd4 22. dxc6 Rd8 23. c7 Rc8 24. Rd1 1-0

[Event "Mittelfranken Mitte-ch 1112"]
[Site "Zirndorf"]
[Date "2012.01.07"]
[Round "4"]
[White "Dreiseitel, Ursula"]
[Black "Thoma, Dirk"]
[Result "1/2-1/2"]
[WhiteElo "1318"]
[BlackElo "1466"]
[PlyCount "63"]
[EventDate "2012.01.05"]
[EventType "swiss"]
[EventRounds "7"]
[EventCountry "GER"]
[SourceTitle "EXT 2015"]
[Source "ChessBase"]
[SourceDate "2014.11.20"]
[SourceVersion "1"]
[SourceVersionDate "2014.11.20"]
[SourceQuality "1"]

1. d4 Nf6 2. c4 e6 3. Nc3 b6 4. Bg5 Be7 5. Nf3 Bb7 6. e3 h6 7. Bh4 Bb4 8. Be2 Bxc3+ 9. bxc3 d6 10. 0-0 0-0 11. Qb3 Nbd7 12. a4 a5 13. Nd2 g5 14. Bg3 Ne4 15. Nxe4 Bxe4 16. f3 Bg6 17. Rfd1 f5 18. Bf2 c5 19. Bd3 Rb8 20. e4 fxe4 21. Bxe4 Bxe4 22. fxe4 Qf6 23. Qc2 e5 24. Be3 Qg6 25. Rd2 Nf6 26. dxe5 dxe5 27. Rd6 Qxe4 28. Qxe4 Nxe4 29. Rxh6 Kg7 30. Re6 Rfe8 31. Rc6 Rec8 32. Re6 1/2-1/2

[Event "Mittelfranken Mitte-ch 1112"]
[Site "Zirndorf"]
[Date "2012.01.05"]
[Round "1"]
[White "Dreiseitel, Ursula"]
[Black "Ahlich, Thomas"]
[Result "0-1"]
[WhiteElo "1318"]
[BlackElo "1757"]
[PlyCount "84"]
[EventDate "2012.01.05"]
[EventType "swiss"]
[EventRounds "7"]
[EventCountry "GER"]
[SourceTitle "EXT 2015"]
[Source "ChessBase"]
[SourceDate "2014.11.20"]
[SourceVersion "1"]
[SourceVersionDate "2014.11.20"]
[SourceQuality "1"]

1. d4 Nf6 2. c4 e6 3. Nc3 Bb4 4. Bg5 h6 5. Bh4 b6 6. Nf3 Bb7 7. e3 0-0 8. Be2 d5 9. 0-0 Nbd7 10. Qc2 c6 11. Bg3 Bxc3 12. bxc3 Ne4 13. Rab1 Nxg3 14. hxg3 c5 15. cxd5 Bxd5 16. c4 Bb7 17. a4 Qc7 18. Rb2 Nf6 19. Ne5 Rfd8 20. Rd1 Rac8 21. Qb1 Be4 22. Qc1 cxd4 23. exd4 Nd7 24. Qf4 Nxe5 25. Qxe4 Nxc4 26. Rc2 Nd6 27. Rxc7 Nxe4 28. Rxc8 Rxc8 29. Bf3 Nc3 30. Ra1 Rc4 31. a5 b5 32. Kf1 Rxd4 33. Ke1 b4 34. Rc1 Kf8 35. Bd1 Rxd1+ 36. Rxd1 Nxd1 37. Kxd1 Ke7 38. Kc2 Kd6 39. Kb3 Kc5 40. Ka4 Kc4 41. f3 b3 42. Ka3 Kc3 0-1

[Event "Nuremberg Zabo op 13th"]
[Site "Nuremberg"]
[Date "2011.09.16"]
[Round "1"]
[White "Dreiseitel, Ursula"]
[Black "Heppert, Lars"]
[Result "0-1"]
[WhiteElo "1372"]
[BlackElo "1833"]
[PlyCount "64"]
[EventDate "2011.09.16"]
[EventType "swiss"]
[EventRounds "5"]
[EventCountry "GER"]
[SourceTitle "EXT 2013"]
[Source "ChessBase"]
[SourceDate "2012.11.22"]
[SourceVersion "1"]
[SourceVersionDate "2012.11.22"]
[SourceQuality "1"]

1. d4 d5 2. Nf3 c6 3. Bf4 Nf6 4. c4 e6 5. Nc3 dxc4 6. a4 Bb4 7. Bd2 0-0 8. e3 b5 9. axb5 Bxc3 10. bxc3 cxb5 11. Be2 Bb7 12. 0-0 Qd5 13. Re1 Nbd7 14. Nh4 e5 15. f4 exd4 16. exd4 Ne4 17. Bf3 f5 18. Qc2 Ndf6 19. g3 Rfe8 20. Ng2 Qd7 21. Rad1 Ng4 22. Re2 Re7 23. h3 Ngf6 24. Be1 Rae8 25. Bf2 Nxf2 26. Rxf2 Ne4 27. Bxe4 Rxe4 28. Kf1 Qd5 29. h4 Re3 30. h5 Rxg3 31. Re1 Rxe1+ 32. Kxe1 Rxg2 0-1

[Event "Mittelfranken-ch QT 60th"]
[Site "Buechenbach/Roth"]
[Date "2011.04.21"]
[Round "3"]
[White "Dreiseitel, Ursula"]
[Black "Lutter, Maximilian"]
[Result "1/2-1/2"]
[WhiteElo "1298"]
[BlackElo "1314"]
[PlyCount "49"]
[EventDate "2011.04.20"]
[EventType "swiss"]
[EventRounds "7"]
[EventCountry "GER"]
[SourceTitle "CBM 142 Extra"]
[Source "ChessBase"]
[SourceDate "2011.06.27"]
[SourceVersion "1"]
[SourceVersionDate "2011.06.27"]
[SourceQuality "1"]

1. d4 d5 2. Nf3 Nf6 3. Bg5 e6 4. e3 Be7 5. c4 0-0 6. Nc3 h6 7. Bh4 c6 8. Bd3 dxc4 9. Bxc4 Nbd7 10. 0-0 Nb6 11. Bb3 Nbd5 12. Rc1 Nxc3 13. bxc3 Nd7 14. Bxe7 Qxe7 15. Qe2 e5 16. e4 Re8 17. Nd2 Nf6 18. Rfe1 Bg4 19. f3 Bh5 20. Qf2 Rad8 21. Rcd1 b5 22. Bc2 Qa3 23. Bb3 Qa5 24. Qe3 Qb6 25. Nf1 1/2-1/2

[Event "Mittelfranken-ch QT 60th"]
[Site "Buechenbach/Roth"]
[Date "2011.04.20"]
[Round "2"]
[White "Gajewski, Richard"]
[Black "Dreiseitel, Ursula"]
[Result "1-0"]
[WhiteElo "1653"]
[BlackElo "1298"]
[PlyCount "69"]
[EventDate "2011.04.20"]
[EventType "swiss"]
[EventRounds "7"]
[EventCountry "GER"]
[SourceTitle "CBM 142 Extra"]
[Source "ChessBase"]
[SourceDate "2011.06.27"]
[SourceVersion "1"]
[SourceVersionDate "2011.06.27"]
[SourceQuality "1"]

1. e4 d6 2. f4 Nf6 3. Nc3 c5 4. Bc4 Nc6 5. d3 a6 6. a4 b6 7. h3 Bb7 8. Nf3 e6 9. 0-0 Be7 10. Be3 0-0 11. Bb3 Re8 12. Ne2 b5 13. Ng3 Qc7 14. Qe1 Rad8 15. axb5 axb5 16. Qf2 Na5 17. Ba2 d5 18. b4 d4 19. bxa5 dxe3 20. Qxe3 c4 21. d4 Bb4 22. Rfb1 Bxa5 23. Rxb5 Ba6 24. Rc5 Qb6 25. Rb1 Bb4 26. Re5 Qd6 27. c3 Ba5 28. Rxa5 Ra8 29. Nd2 Qc7 30. Rc5 Qa7 31. Bxc4 Nd7 32. Ra5 Qc7 33. Rxa6 Rxa6 34. Bxa6 Qa5 35. Be2 1-0